Bases para la redacción de un ante-proyecto de protocolo de ensamble / (Record no. 123466)

MARC details
000 -LEADER
campo de control de longitud fija 00493ntm a2200169 i 4500
001 - NÚMERO DE CONTROL
campo de control 123466
003 - IDENTIFICADOR DE NÚMERO DE CONTROL
campo de control ES-MaACL
005 - FECHA Y HORA DE LA ÚLTIMA TRANSACCIÓN
campo de control 20230906192158.0
007 - CAMPO FIJO DE DESCRIPCIÓN FÍSICA--INFORMACIÓN GENERAL
campo de control de longitud fija t|
008 - DATOS DE LONGITUD FIJA--INFORMACIÓN GENERAL
campo de control de longitud fija 070214s1964 sp |||| | spa d
100 1# - ENTRADA PRINCIPAL--NOMBRE DE PERSONA
Nombre de persona Rafart, Manuel.
9 (RLIN) 94955
245 10 - MENCIÓN DEL TÍTULO
Título Bases para la redacción de un ante-proyecto de protocolo de ensamble /
Mención de responsabilidad, etc. Manuel Rafart.
260 ## - PUBLICACIÓN, DISTRIBUCIÓN, ETC.
Lugar de publicación, distribución, etc. [S.l. :
Nombre del editor, distribuidor, etc. s.n.,
Fecha de publicación, distribución, etc. 1964]
300 ## - DESCRIPCIÓN FÍSICA
Extensión II, 41, 31 f. ;
Dimensiones 28 cm.
500 ## - NOTA GENERAL
Nota general Ejemplar mecanografiado.
852 ## - LOCALIZACIÓN
Ubicación ES-MaACL
Número de control de estantería E-8243
Holdings
Estatus retirado Estado de pérdida Estado de daño No para préstamo Colección Biblioteca de origen Biblioteca actual Ubicación en estantería Fecha de adquisición Fuente de adquisición Total de préstamos Signatura topográfica completa Código de barras Visto por última vez Precio de reemplazo Tipo de ítem Koha
        Manuscritos Biblioteca del Ateneo de Madrid Biblioteca del Ateneo de Madrid Depósito 2 17/01/2008     E-8243 1128640 23/02/2023 23/02/2023 Manuscrito